Statistics for Asian Capitals That Start with Letter B

Click here to take the quiz!

General Stats

  • This quiz has been taken 64 times
  • The average score is 6 of 7

Answer Stats

Capital% Correct
Bangkok
89%
Beijing
89%
Baghdad
87%
Beirut
87%
Baku
83%
Bishkek
78%
Bandar Seri Begawan
67%

Score Distribution

Percentile by Number Answered

Percent of People with Each Score

Your Score History

You have not taken this quiz